[Event "Bolton Easter op"]
[Site "Bolton"]
[Date "2024.03.29"]
[Round "1"]
[White "Owen, Dennis P"]
[Black "Jaunooby, Ali Reza"]
[Result "0-1"]
[WhiteElo "1974"]
[BlackElo "2145"]
[PlyCount "71"]
[EventDate "2024.03.29"]
[EventType "swiss"]
[EventRounds "6"]
[EventCountry "ENG"]
[SourceTitle "CB18_2024"]
[SourceDate "2024.05.01"]
[SourceVersion "1"]
[SourceVersionDate "2024.05.01"]
[SourceQuality "2"]

1. e4 g6 2. d4 Bg7 3. c3 d6 4. Be3 Nf6 5. f3 0-0 6. Bd3 Nbd7 7. Ne2 e5 8. d5 c6 9. c4 cxd5 10. cxd5 Nh5 11. Nbc3 f5 12. Qd2 f4 13. Bf2 a6 14. 0-0-0 b5 15. Kb1 Nb6 16. Ka1 Rf7 17. Rc1 Rb7 18. g4 Nf6 19. h3 Bd7 20. Rhd1 Ne8 21. Ng1 Bf6 22. Qe1 h6 23. Nb1 a5 24. Qe2 Nc7 25. Na3 Na4 26. Rd2 Bh4 27. Bxh4 Qxh4 28. Qf2 Qd8 29. Kb1 Na6 30. Bf1 Nb6 31. b3 b4 32. Nc4 Nc5 33. Kb2 a4 34. Nxd6 axb3 35. Rc3 bxc3+ 36. Kxc3 0-1

[Event "Blackpool op 47th"]
[Site "Blackpool"]
[Date "2024.02.11"]
[Round "4"]
[White "Jaunooby, Ali Reza"]
[Black "Mulay, Partha"]
[Result "1-0"]
[WhiteElo "2145"]
[BlackElo "1813"]
[PlyCount "75"]
[EventDate "2024.02.09"]
[EventType "swiss"]
[EventRounds "5"]
[EventCountry "ENG"]
[SourceTitle "CB07_2024"]
[SourceDate "2024.02.14"]
[SourceVersion "1"]
[SourceVersionDate "2024.02.14"]
[SourceQuality "1"]

1. d4 Nf6 2. c4 g6 3. Nc3 Bg7 4. e4 d6 5. f3 0-0 6. Be3 c5 7. Nge2 Nc6 8. Qd2 cxd4 9. Nxd4 Qa5 10. Be2 Nxd4 11. Bxd4 Be6 12. 0-0 Rfc8 13. b3 b5 14. b4 Qxb4 15. Rab1 Qa5 16. Rxb5 Qc7 17. Rc1 a6 18. Rb3 Nd7 19. Bxg7 Kxg7 20. Qb2 Kg8 21. Kf1 Rab8 22. Na4 Qa5 23. Nc3 Qg5 24. Rd1 Qe5 25. Kg1 Qc5+ 26. Kh1 Qe5 27. g3 f5 28. exf5 Bxf5 29. Rd5 Qf6 30. Rd2 Be6 31. Nd5 Qf7 32. Rb7 Rxb7 33. Qxb7 Rb8 34. Qxa6 Rb1+ 35. Kg2 Bxd5 36. cxd5 Ne5 37. Qc8+ Kg7 38. f4 1-0

[Event "BCF-chT2b 1920 (4NCL)"]
[Site "Daventry"]
[Date "2020.02.09"]
[Round "6.73"]
[White "Merriman, John"]
[Black "Jaunooby, Ali Reza"]
[Result "1-0"]
[WhiteElo "2222"]
[BlackElo "2134"]
[PlyCount "115"]
[EventDate "2020.01.11"]
[EventType "team-tourn"]
[EventRounds "11"]
[EventCountry "ENG"]
[SourceTitle "CBM 194 Extra"]
[Source "ChessBase"]
[SourceDate "2020.03.31"]
[SourceVersion "1"]
[SourceVersionDate "2020.03.31"]
[SourceQuality "1"]
[WhiteTeam "KJCA Kings"]
[BlackTeam "Manchester Manticores"]
[WhiteTeamCountry "ENG"]
[BlackTeamCountry "ENG"]

1. d4 d5 2. c4 e6 3. Nc3 Nf6 4. Bg5 Be7 5. e3 0-0 6. Qc2 a6 7. Nf3 dxc4 8. Bxc4 b5 9. Bd3 h6 10. Bxf6 gxf6 11. Ne4 f5 12. Nc5 Nd7 13. Rd1 Nxc5 14. dxc5 Qd5 15. b4 a5 16. e4 Qb7 17. a3 axb4 18. axb4 Ra4 19. Rb1 Bf6 20. 0-0 fxe4 21. Bxe4 Qa6 22. Qd2 Bg7 23. Qf4 Bb7 24. Bc2 Ra3 25. Qxc7 Bd5 26. Qf4 Qa8 27. Rfe1 Bxf3 28. gxf3 Rxf3 29. Qe4 Qxe4 30. Bxe4 Rf4 31. Re2 Rd8 32. Rc1 Rd4 33. Bb7 Rd7 34. Bc6 Rc7 35. Bxb5 Rb7 36. Ba6 Rc7 37. Rec2 Rf5 38. Kf1 Kf8 39. Rd1 Be5 40. h3 Bf4 41. Rd4 Ke7 42. Bd3 Rf6 43. b5 Be3 44. Rdc4 Rd7 45. Be4 Rf4 46. Bc6 Rxc4 47. Rxc4 Rd1+ 48. Ke2 Rc1 49. Rxc1 Bxc1 50. Kd3 Bf4 51. b6 Kd8 52. Bg2 Bh2 53. Bb7 f5 54. c6 Bd6 55. Ba6 e5 56. Kc4 e4 57. Kd5 Bb8 58. h4 1-0

[Event "BCF-chT2 1718 (4NCL) Promotion pool"]
[Site "England"]
[Date "2018.05.06"]
[Round "10.13"]
[White "Cyborowski, Lukasz"]
[Black "Jaunooby, Ali Reza"]
[Result "1-0"]
[WhiteElo "2510"]
[BlackElo "2177"]
[PlyCount "79"]
[EventDate "2017.11.11"]
[EventType "team-tourn"]
[EventRounds "11"]
[EventCountry "ENG"]
[SourceTitle "EXT 2020"]
[Source "ChessBase"]
[SourceDate "2019.10.17"]
[SourceVersion "1"]
[SourceVersionDate "2019.10.17"]
[SourceQuality "1"]
[WhiteTeam "Manx Liberty"]
[BlackTeam "Manchester Manticores"]
[WhiteTeamCountry "ENG"]
[BlackTeamCountry "ENG"]

1. d4 d5 2. Nf3 Nf6 3. c4 c6 4. e3 Bg4 5. h3 Bh5 6. Nc3 e6 7. g4 Bg6 8. Ne5 Nbd7 9. Nxg6 hxg6 10. Bd2 a6 11. g5 Ng8 12. cxd5 cxd5 13. e4 Nb6 14. exd5 Nxd5 15. Qb3 Bb4 16. a3 Bxc3 17. bxc3 b5 18. a4 b4 19. c4 Nc7 20. Bg2 a5 21. Bc6+ Kf8 22. Bxa8 Qxa8 23. 0-0 Ne7 24. Bf4 e5 25. Bxe5 Ne6 26. f4 Nf5 27. d5 Qa7+ 28. Kh2 Nc5 29. Qf3 Nd7 30. c5 f6 31. gxf6 gxf6 32. c6 Nxe5 33. fxe5 fxe5 34. Rac1 Kg7 35. c7 Qa6 36. Rc6 Qc8 37. Qg4 Ne7 38. Qxc8 Rxc8 39. Rc5 Nf5 40. Rxf5 1-0

[Event "Bolton Easter op"]
[Site "Bolton"]
[Date "2018.04.01"]
[Round "4"]
[White "Jaunooby, Ali Reza"]
[Black "McPhillips, Joseph"]
[Result "0-1"]
[WhiteElo "2110"]
[BlackElo "2402"]
[PlyCount "76"]
[EventDate "2018.03.30"]
[EventType "swiss"]
[EventRounds "5"]
[EventCountry "ENG"]
[SourceTitle "CBM 183 Extra"]
[Source "ChessBase"]
[SourceDate "2018.04.19"]
[SourceVersion "1"]
[SourceVersionDate "2018.04.19"]
[SourceQuality "1"]

1. d4 Nf6 2. Bf4 c5 3. e3 Qb6 4. Nc3 d6 5. dxc5 Qxc5 6. Qd4 Qc7 7. Bg5 Nc6 8. Qh4 Qa5 9. 0-0-0 Bd7 10. Nf3 Rc8 11. Bc4 Ng4 12. Rd5 Qc7 13. Bb3 Be6 14. Rb5 Bxb3 15. axb3 Nge5 16. Nxe5 Nxe5 17. Qa4 Nc6 18. Rd1 e6 19. Qe4 Be7 20. Bxe7 Qxe7 21. Rh5 g6 22. Rh6 d5 23. Qg4 f5 24. Qh4 Qg7 25. Qg5 Ne5 26. Rh4 Ng4 27. Rxg4 fxg4 28. Qxg4 Rc6 29. Nb5 0-0 30. Nd4 Ra6 31. Nxe6 Ra1+ 32. Kd2 Rxf2+ 33. Ke1 Qf6 34. Nf4 Rxd1+ 35. Qxd1 Qh4 36. Qxd5+ Kg7 37. Qxb7+ Kh6 38. Kd1 Qxh2 0-1

[Event "Bolton Easter op"]
[Site "Bolton"]
[Date "2018.03.31"]
[Round "3"]
[White "Jaunooby, Ali Reza"]
[Black "Surtees, Michael"]
[Result "1-0"]
[WhiteElo "2110"]
[BlackElo "2154"]
[PlyCount "77"]
[EventDate "2018.03.30"]
[EventType "swiss"]
[EventRounds "5"]
[EventCountry "ENG"]
[SourceTitle "CBM 183 Extra"]
[Source "ChessBase"]
[SourceDate "2018.04.19"]
[SourceVersion "1"]
[SourceVersionDate "2018.04.19"]
[SourceQuality "1"]

1. d4 e6 2. Bf4 Nf6 3. e3 h6 4. Nd2 d5 5. Bd3 c5 6. c3 Nc6 7. Bg3 cxd4 8. exd4 g6 9. f4 Nh5 10. Ngf3 Bg7 11. Ne5 Nxe5 12. fxe5 Nxg3 13. hxg3 Qb6 14. Qf3 Bd7 15. 0-0-0 Bb5 16. Bc2 Qa6 17. c4 Bxc4 18. Nxc4 Qxc4 19. Kb1 0-0 20. Qe3 Rfc8 21. Rc1 Qb4 22. Rcf1 Rc7 23. Rf4 Rac8 24. Bd3 Rc3 25. Ka1 R8c6 26. Qe1 Rc1+ 27. Qxc1 Rxc1+ 28. Rxc1 g5 29. Rc8+ Bf8 30. Rf1 Qxd4 31. Bg6 Qxe5 32. Bxf7+ Kg7 33. Bh5 Qd6 34. Rf7+ Kg8 35. a3 e5 36. Rxb7 a5 37. Bf7+ Kh8 38. Bxd5 a4 39. Rf7 1-0

[Event "Bolton Easter op"]
[Site "Bolton"]
[Date "2017.04.15"]
[Round "3"]
[White "Rita, Joao Candido"]
[Black "Jaunooby, Ali Reza"]
[Result "1-0"]
[WhiteElo "1917"]
[BlackElo "2168"]
[PlyCount "55"]
[EventDate "2017.04.14"]
[EventType "swiss"]
[EventRounds "5"]
[EventCountry "ENG"]
[SourceTitle "CBM 178 Extra"]
[Source "ChessBase"]
[SourceDate "2017.06.22"]
[SourceVersion "1"]
[SourceVersionDate "2017.06.22"]
[SourceQuality "1"]

1. e4 c5 2. Nf3 d6 3. c3 g6 4. h3 Bg7 5. Bb5+ Nd7 6. d4 a6 7. Bd3 Qc7 8. Qe2 cxd4 9. 0-0 dxc3 10. Nxc3 Ngf6 11. Bf4 0-0 12. Rfe1 Qa5 13. a3 b5 14. e5 Nh5 15. Bd2 dxe5 16. Nd5 Qd8 17. Bb4 e6 18. Ne7+ Kh8 19. Be4 Rb8 20. Nc6 Nf4 21. Qd2 f5 22. Nxd8 Rxd8 23. Ng5 Rg8 24. Bd6 fxe4 25. Bxb8 Bb7 26. Qxd7 Ne2+ 27. Kh1 Rxb8 28. Nxe6 1-0

[Event "Wakefield 4NCL op 13th"]
[Site "Wakefield"]
[Date "2017.04.09"]
[Round "4"]
[White "Jaunooby, Ali Reza"]
[Black "Vickery, Jim"]
[Result "1-0"]
[WhiteElo "2168"]
[BlackElo "1963"]
[PlyCount "65"]
[EventDate "2017.04.07"]
[EventType "swiss"]
[EventRounds "5"]
[EventCountry "ENG"]
[SourceTitle "CBM 177 Extra"]
[Source "ChessBase"]
[SourceDate "2017.04.27"]
[SourceVersion "1"]
[SourceVersionDate "2017.04.27"]
[SourceQuality "1"]

1. d4 Nf6 2. c4 d6 3. Nc3 e5 4. e3 g6 5. g3 Bg7 6. Bg2 0-0 7. Nge2 Nbd7 8. h3 c6 9. d5 cxd5 10. cxd5 a5 11. e4 Nc5 12. g4 Bd7 13. Ng3 b5 14. Qf3 b4 15. Nd1 Bb5 16. Bf1 Qd7 17. g5 Ne8 18. Ne3 Bxf1 19. Kxf1 f6 20. Qe2 f5 21. exf5 gxf5 22. Nh5 Qf7 23. f4 e4 24. Ng3 Qd7 25. Kg2 Nd3 26. Nexf5 Nxc1 27. Qxe4 Bxb2 28. Raxc1 Ng7 29. Ne7+ Kh8 30. Rce1 Rae8 31. f5 Nxf5 32. Ngxf5 Rxf5 33. Qxf5 1-0

[Event "Wakefield 4NCL op 13th"]
[Site "Wakefield"]
[Date "2017.04.09"]
[Round "5"]
[White "Wells, Jonathan C"]
[Black "Jaunooby, Ali Reza"]
[Result "1-0"]
[WhiteElo "2018"]
[BlackElo "2168"]
[PlyCount "85"]
[EventDate "2017.04.07"]
[EventType "swiss"]
[EventRounds "5"]
[EventCountry "ENG"]
[SourceTitle "CBM 177 Extra"]
[Source "ChessBase"]
[SourceDate "2017.04.27"]
[SourceVersion "1"]
[SourceVersionDate "2017.04.27"]
[SourceQuality "1"]

1. d4 Nf6 2. c4 g6 3. g3 Bg7 4. Bg2 d6 5. Nc3 0-0 6. Nf3 Nbd7 7. 0-0 e5 8. e4 Re8 9. Re1 a6 10. h3 Rb8 11. Be3 b5 12. cxb5 axb5 13. b4 Bb7 14. d5 Ba6 15. Nd2 Nb6 16. Bf1 Nc4 17. Nxc4 bxc4 18. Rb1 Qd7 19. a4 Rf8 20. b5 Bc8 21. Qe2 Nh5 22. Qxc4 f5 23. Ba7 Rb7 24. b6 Nf6 25. a5 Qf7 26. a6 Rxb6 27. Bxb6 cxb6 28. Rxb6 fxe4 29. Rb2 Qa7 30. Nxe4 Nxe4 31. Qxe4 Bh6 32. Qb4 e4 33. Qb6 Qa8 34. Rxe4 Bg7 35. Qb8 Bf5 36. Qxa8 Rxa8 37. Reb4 Bxb2 38. Rxb2 Be4 39. Bc4 Kf7 40. f3 Bf5 41. Rb7+ Kf6 42. a7 Ke5 43. Rc7 1-0

[Event "Wakefield 4NCL op 13th"]
[Site "Wakefield"]
[Date "2017.04.08"]
[Round "3"]
[White "Jaunooby, Ali Reza"]
[Black "Hilton, Tim"]
[Result "1-0"]
[WhiteElo "2168"]
[BlackElo "1818"]
[PlyCount "91"]
[EventDate "2017.04.07"]
[EventType "swiss"]
[EventRounds "5"]
[EventCountry "ENG"]
[SourceTitle "CBM 177 Extra"]
[Source "ChessBase"]
[SourceDate "2017.04.27"]
[SourceVersion "1"]
[SourceVersionDate "2017.04.27"]
[SourceQuality "1"]

1. d4 e6 2. c4 Nf6 3. Nf3 Bb4+ 4. Bd2 Qe7 5. Qc2 Nc6 6. Nc3 d6 7. d5 Bxc3 8. Bxc3 Nb8 9. 0-0-0 e5 10. h3 a5 11. g4 Na6 12. g5 Nd7 13. Kb1 b6 14. h4 Ndc5 15. a3 a4 16. Nd2 Bd7 17. f4 f6 18. e3 0-0-0 19. Bh3 Bxh3 20. Rxh3 Qd7 21. Rg3 b5 22. Rdg1 bxc4 23. Nxc4 Qb5 24. Na5 Qd3 25. gxf6 gxf6 26. Nc6 Rde8 27. Rg7 exf4 28. exf4 Qxc2+ 29. Kxc2 Re2+ 30. Kb1 Ne4 31. Ba5 h5 32. Rc1 Nec5 33. Nb4 Rhe8 34. Nxa6 Nxa6 35. Bxc7 Nxc7 36. Rcxc7+ Kb8 37. Rb7+ Kc8 38. Rgc7+ Kd8 39. Rf7 Kc8 40. Ra7 Kb8 41. Rxa4 Rh2 42. Rxf6 Rxh4 43. Rxd6 Rh1+ 44. Ka2 h4 45. Rb6+ Kc7 46. Rc6+ 1-0

[Event "BCF-chT3N 1617 (4NCL)"]
[Site "England"]
[Date "2016.11.27"]
[Round "2.72"]
[White "Jaunooby, Ali Reza"]
[Black "Connor, Stephen J"]
[Result "1-0"]
[WhiteElo "2260"]
[BlackElo "2013"]
[PlyCount "193"]
[EventDate "2016.11.26"]
[EventType "team-swiss"]
[EventRounds "11"]
[EventCountry "ENG"]
[SourceTitle "EXT 2019"]
[Source "ChessBase"]
[SourceDate "2018.10.10"]
[SourceVersion "1"]
[SourceVersionDate "2018.10.10"]
[SourceQuality "1"]
[WhiteTeam "Manchester Manticores"]
[BlackTeam "Spirit of Atticus II"]
[WhiteTeamCountry "ENG"]
[BlackTeamCountry "ENG"]

1. d4 d5 2. Bf4 Nf6 3. e3 e6 4. Nd2 Bd6 5. Bg3 0-0 6. Bd3 c5 7. c3 Nc6 8. Ngf3 b6 9. Ne5 Bb7 10. f4 Ne7 11. Qb1 g6 12. Bf2 cxd4 13. exd4 Nh5 14. g3 Nf5 15. g4 Nxf4 16. gxf5 exf5 17. Nef3 Qc8 18. Kd1 Ba6 19. Ne1 Re8 20. Ndf3 Bxd3 21. Nxd3 Qa6 22. Nxf4 Bxf4 23. Qc2 Re4 24. Ne1 Rae8 25. Nd3 Bh6 26. Nb4 Qe2+ 27. Qxe2 Rxe2 28. Be1 Rxb2 29. Nc2 Re4 30. Bd2 Bf8 31. Kc1 Rb5 32. a4 Rb3 33. Ne3 b5 34. Nxd5 Re2 35. axb5 Rxb5 36. c4 Rb7 37. Nc3 Rg2 38. Nb5 f4 39. Bxf4 Re7 40. Be5 f6 41. Bxf6 Ree2 42. Rxa7 Rb2 43. Bg5 Rgc2+ 44. Kd1 Rxc4 45. Rc7 Rb1+ 46. Kd2 Rxh1 47. Rxc4 Rxh2+ 48. Ke3 Rh5 49. Rc8 Rxg5 50. Nc7 Rg1 51. Kf2 Rc1 52. Ke3 Kf7 53. d5 Bd6 54. Nb5 Ba3 55. Nd6+ Ke7 56. Nc4 Kd7 57. Rc6 Re1+ 58. Kf2 Ra1 59. Ne5+ Kd8 60. d6 Bb2 61. Nf7+ Kd7 62. Rc7+ Ke6 63. Re7+ Kf6 64. Rb7 Bd4+ 65. Ke2 Bb6 66. Nh6 Ba5 67. Ra7 Re1+ 68. Kf3 Rf1+ 69. Kg2 Rd1 70. Rxa5 Rxd6 71. Ra7 Rb6 72. Rf7+ Kg5 73. Rxh7 Rb2+ 74. Kf3 Rb3+ 75. Ke4 Rb4+ 76. Kd5 Rb1 77. Nf7+ Kf6 78. Nd6 Rd1+ 79. Kc6 Rc1+ 80. Kd7 Rd1 81. Rh2 g5 82. Rf2+ Kg6 83. Ke6 Re1+ 84. Kd5 Rd1+ 85. Ke5 g4 86. Ne4 Ra1 87. Rf6+ Kh5 88. Ng3+ Kh4 89. Kf4 Ra4+ 90. Ne4 Kh3 91. Rg6 Rb4 92. Ra6 g3 93. Ra3 Kh2 94. Ra8 Kg1 95. Kxg3 Kf1 96. Nc3 Ke1 97. Rd8 1-0

[Event "BCF-chT3N 1617 (4NCL)"]
[Site "England"]
[Date "2016.11.26"]
[Round "1.72"]
[White "White, Mark"]
[Black "Jaunooby, Ali Reza"]
[Result "0-1"]
[WhiteElo "2028"]
[BlackElo "2260"]
[PlyCount "86"]
[EventDate "2016.11.26"]
[EventType "team-swiss"]
[EventRounds "11"]
[EventCountry "ENG"]
[SourceTitle "EXT 2019"]
[Source "ChessBase"]
[SourceDate "2018.10.10"]
[SourceVersion "1"]
[SourceVersionDate "2018.10.10"]
[SourceQuality "1"]
[WhiteTeam "Jorvik"]
[BlackTeam "Manchester Manticores"]
[WhiteTeamCountry "ENG"]
[BlackTeamCountry "ENG"]

1. d4 c5 2. e4 cxd4 3. c3 dxc3 4. Nxc3 d6 5. Bc4 e6 6. Nf3 Nc6 7. 0-0 Nf6 8. Qe2 a6 9. Rd1 Qc7 10. a4 Be7 11. Bf4 Ne5 12. Nxe5 dxe5 13. Be3 0-0 14. Rac1 Bd7 15. Bb3 Qa5 16. g4 Bc6 17. f3 Rfd8 18. Kg2 Rxd1 19. Rxd1 Rd8 20. Rxd8+ Bxd8 21. Qd3 Bb6 22. Bc2 Nd7 23. Bxb6 Qxb6 24. b3 Qd4 25. Ne2 Qb2 26. Qc4 g5 27. Qc3 Qa2 28. h4 gxh4 29. Kh3 Qa3 30. b4 Qa2 31. Kxh4 Bxa4 32. Bxa4 Qxa4 33. Qc8+ Nf8 34. Ng3 Qxb4 35. Nh5 Qe7+ 36. g5 h6 37. Nf6+ Kg7 38. f4 exf4 39. gxh6+ Kxf6 40. Kh5 Qd6 41. Kg4 Ng6 42. h7 Qd1+ 43. Kh3 Qh1+ 0-1

[Event "Wakefield 4NCL op 10th"]
[Site "Wakefield"]
[Date "2016.09.11"]
[Round "4"]
[White "Jaunooby, Ali Reza"]
[Black "Jones, Steven"]
[Result "1/2-1/2"]
[WhiteElo "2139"]
[BlackElo "2180"]
[PlyCount "61"]
[EventDate "2016.09.09"]
[EventType "swiss"]
[EventRounds "5"]
[EventCountry "ENG"]
[SourceTitle "CBM 174 Extra"]
[Source "ChessBase"]
[SourceDate "2016.10.10"]
[SourceVersion "1"]
[SourceVersionDate "2016.10.10"]
[SourceQuality "1"]

1. d4 Nf6 2. c4 g6 3. f3 Bg7 4. e4 d6 5. Nc3 0-0 6. Be3 c5 7. d5 e6 8. dxe6 fxe6 9. Qd2 Qe7 10. 0-0-0 Ne8 11. h4 a6 12. h5 b5 13. hxg6 hxg6 14. cxb5 axb5 15. Bxb5 Bd7 16. Bc4 Nc6 17. Bxc5 Ne5 18. Bxd6 Nxd6 19. Qxd6 Qg5+ 20. Qd2 Qxd2+ 21. Rxd2 Nxc4 22. Rxd7 Bxc3 23. bxc3 Rxa2 24. Rhh7 Rfa8 25. Rhg7+ Kh8 26. Rh7+ Kg8 27. Rdg7+ Kf8 28. Rc7 Kg8 29. Rhe7 Rf2 30. Rg7+ Kh8 31. Rh7+ 1/2-1/2

[Event "BCF-chT3Nc 1516 (4NCL)"]
[Site "England"]
[Date "2016.05.02"]
[Round "11.65"]
[White "Jaunooby, Ali Reza"]
[Black "Polaczek, Richard"]
[Result "1/2-1/2"]
[WhiteElo "2170"]
[BlackElo "2414"]
[PlyCount "67"]
[EventDate "2016.03.20"]
[EventType "team-swiss"]
[EventRounds "11"]
[EventCountry "ENG"]
[SourceTitle "EXT 2017"]
[Source "ChessBase"]
[SourceDate "2016.10.25"]
[SourceVersion "1"]
[SourceVersionDate "2016.10.25"]
[SourceQuality "1"]
[WhiteTeam "Manchester Manticores"]
[BlackTeam "Broadland Bitterns"]
[WhiteTeamCountry "ENG"]
[BlackTeamCountry "ENG"]

1. d4 Nf6 2. Bf4 d6 3. Nc3 g6 4. e4 c6 5. e5 dxe5 6. dxe5 Nd5 7. Nxd5 cxd5 8. Qd2 Nc6 9. 0-0-0 Be6 10. Nf3 Bg7 11. Bh6 Bxh6 12. Qxh6 Qa5 13. Rd3 d4 14. Nxd4 0-0-0 15. Qe3 Rxd4 16. Rxd4 Nxd4 17. Qxd4 Qe1+ 18. Qd1 Qxf2 19. Qd2 Qc5 20. Qc3 Qxc3 21. bxc3 Rd8 22. c4 Bf5 23. Bd3 Bxd3 24. cxd3 Rxd3 25. Rf1 Rc3+ 26. Kb2 Rxc4 27. Rxf7 Rh4 28. Rxe7 Rxh2 29. Kb3 h5 30. g4 hxg4 31. Rg7 Re2 32. Rxg6 Re3+ 33. Kc4 Rxe5 34. Rxg4 1/2-1/2

[Event "Wakefield 4NCL op-A 8th"]
[Site "Wakefield"]
[Date "2016.04.02"]
[Round "2"]
[White "Garnett, John S"]
[Black "Jaunooby, Ali Reza"]
[Result "0-1"]
[WhiteElo "1989"]
[BlackElo "2128"]
[PlyCount "108"]
[EventDate "2016.04.01"]
[EventType "swiss"]
[EventRounds "5"]
[EventCountry "ENG"]
[SourceTitle "CBM 171 Extra"]
[Source "ChessBase"]
[SourceDate "2016.04.26"]
[SourceVersion "1"]
[SourceVersionDate "2016.04.26"]
[SourceQuality "1"]

1. c4 e5 2. g3 g6 3. Bg2 Bg7 4. Nc3 d6 5. e4 Nc6 6. Nge2 Be6 7. Nd5 Nd4 8. 0-0 c6 9. Ne3 Qd7 10. d3 Bh3 11. Nxd4 exd4 12. Bxh3 Qxh3 13. Ng2 h5 14. Nf4 Qd7 15. b4 Nf6 16. Rb1 g5 17. Ng2 Qh3 18. f3 Nh7 19. b5 c5 20. Qe2 h4 21. g4 Rg8 22. f4 Nf6 23. fxg5 Qxg4 24. Qxg4 Nxg4 25. Nxh4 Ne5 26. Nf5 Bf8 27. Rb3 f6 28. h4 fxg5 29. hxg5 0-0-0 30. Kf2 Rh8 31. Rg1 Rd7 32. Bf4 Ng6 33. Kg3 Kc7 34. Ra3 Rdh7 35. Kf3 Rh3+ 36. Rg3 Rh1 37. Bd2 R8h2 38. Rg2 Rxg2 39. Kxg2 Rd1 40. Ba5+ b6 41. Bxb6+ axb6 42. Ra7+ Kd8 43. Rf7 Rxd3 44. Rf6 Nf4+ 45. Kf2 Be7 46. Nxe7 Nh3+ 47. Kg2 Kxe7 48. Rf5 Nxg5 49. Rxg5 Re3 50. Rg4 d3 51. Kf2 d2 52. Rg1 Rxe4 53. Rd1 Rxc4 54. Rxd2 Rb4 0-1

[Event "Wakefield 4NCL op-A 8th"]
[Site "Wakefield"]
[Date "2016.04.01"]
[Round "1"]
[White "Jaunooby, Ali Reza"]
[Black "Ai, Farshad"]
[Result "1-0"]
[WhiteElo "2128"]
[BlackElo "1924"]
[PlyCount "166"]
[EventDate "2016.04.01"]
[EventType "swiss"]
[EventRounds "5"]
[EventCountry "ENG"]
[SourceTitle "CBM 171 Extra"]
[Source "ChessBase"]
[SourceDate "2016.04.26"]
[SourceVersion "1"]
[SourceVersionDate "2016.04.26"]
[SourceQuality "1"]

1. d4 d5 2. Bf4 Nf6 3. e3 c5 4. Nf3 Nc6 5. c3 Qb6 6. Na3 c4 7. Qc1 Bf5 8. Nh4 Bd7 9. h3 h6 10. Bh2 g5 11. Nf3 Bf5 12. Be2 Bg7 13. b3 cxb3 14. axb3 0-0 15. Qb2 Na5 16. b4 Nc6 17. 0-0 Rac8 18. Rfc1 Rfe8 19. Ra2 Ne4 20. b5 Na5 21. Ne5 Nd6 22. g4 Be6 23. Qa1 Ra8 24. Rb1 Rec8 25. Nd3 Ne4 26. Rc2 f6 27. f3 Nd6 28. Nc5 Bf7 29. Na4 Qd8 30. b6 a6 31. Nc5 e5 32. Ra2 Nc6 33. Nc2 Rab8 34. Bd3 Qe7 35. Rf1 Nd8 36. Nb4 Nc6 37. Qb1 Qd8 38. Nc2 Qe7 39. Ne1 Rf8 40. Re2 Qd8 41. h4 Nc8 42. Bh7+ Kh8 43. Bf5 Re8 44. hxg5 fxg5 45. Ned3 Nd6 46. Nxe5 Nxe5 47. dxe5 Bxe5 48. Bxe5+ Rxe5 49. Bd3 Nc4 50. Bxc4 dxc4 51. Rd1 Rd5 52. Rd4 Qd6 53. Ne4 Qg6 54. Qd1 Rbd8 55. Red2 Qe6 56. Kf2 Kg7 57. Ng3 Rxd4 58. Rxd4 Rxd4 59. Qxd4+ Qf6 60. Nf5+ Kg6 61. Qxf6+ Kxf6 62. Nd6 Bd5 63. e4 Ke6 64. Nf5 Bc6 65. Nxh6 a5 66. Nf5 a4 67. Nd4+ Kd6 68. Nc2 Kc5 69. Ke3 Kxb6 70. Kd4 Kc7 71. Ke5 b5 72. Kf5 Kd6 73. Kxg5 Ke5 74. Kh6 Bxe4 75. fxe4 Kxe4 76. Na3 Kd3 77. Nxb5 Kc2 78. g5 Kb3 79. g6 a3 80. Nxa3 Kxa3 81. g7 Kb3 82. g8Q Kxc3 83. Kg5 Kb2 1-0

[Event "BCF-chT3Nb 1516 (4NCL)"]
[Site "England"]
[Date "2016.01.16"]
[Round "3.95"]
[White "Valantinas, Rokas"]
[Black "Jaunooby, Ali Reza"]
[Result "1-0"]
[WhiteElo "2177"]
[BlackElo "2215"]
[PlyCount "81"]
[EventDate "2015.11.14"]
[EventType "team-swiss"]
[EventRounds "7"]
[EventCountry "ENG"]
[SourceTitle "CBM 170 Extra"]
[Source "ChessBase"]
[SourceDate "2016.02.25"]
[SourceVersion "1"]
[SourceVersionDate "2016.02.25"]
[SourceQuality "1"]
[WhiteTeam "Spirit of Atticus II"]
[BlackTeam "Manchester Manticores"]
[WhiteTeamCountry "ENG"]
[BlackTeamCountry "ENG"]

1. e4 d5 2. exd5 Nf6 3. Nf3 Nxd5 4. d4 g6 5. Be2 Bg7 6. 0-0 0-0 7. c4 Nb6 8. Nc3 Nc6 9. Be3 e5 10. d5 Ne7 11. a4 Nf5 12. Bg5 f6 13. Bc1 Qe7 14. a5 Nd7 15. Re1 Rd8 16. b3 c5 17. dxc6 bxc6 18. Ba3 Qe8 19. Qc2 Nf8 20. Ne4 Ne6 21. c5 Ned4 22. Nxd4 Nxd4 23. Bc4+ Be6 24. Qc3 Rab8 25. Nd6 Qe7 26. Qxd4 exd4 27. Rxe6 Qxe6 28. Bxe6+ Kf8 29. g4 Ke7 30. Re1 d3 31. Bc4+ Kd7 32. Rd1 Kc7 33. Be6 f5 34. gxf5 Bc3 35. Rxd3 Bxa5 36. f6 Bb4 37. Bxb4 Rxb4 38. f7 Rf8 39. Ne8+ Kb7 40. Rd8 Re4 41. Nd6+ 1-0

[Event "Torquay op 49th"]
[Site "Torquay"]
[Date "2015.11.15"]
[Round "4"]
[White "Helbig, Paul"]
[Black "Jaunooby, Ali Reza"]
[Result "0-1"]
[WhiteElo "2122"]
[BlackElo "2117"]
[PlyCount "68"]
[EventDate "2015.11.13"]
[EventType "swiss"]
[EventRounds "5"]
[EventCountry "ENG"]
[SourceTitle "EXT 2022"]
[Source "ChessBase"]
[SourceDate "2021.10.06"]
[SourceVersion "1"]
[SourceVersionDate "2021.10.06"]
[SourceQuality "1"]

1. e4 c5 2. Nc3 Nc6 3. g3 h5 4. h4 d6 5. d3 g6 6. Bg2 Bg7 7. Bg5 Nd4 8. Qd2 Qa5 9. Nf3 Ne6 10. Be3 Nh6 11. Ng5 Nd4 12. f3 Be5 13. Kf2 e6 14. Nh3 Bg7 15. a3 Bd7 16. Rhc1 Rc8 17. Rab1 b5 18. Nf4 Qd8 19. Nce2 Ng8 20. b4 a6 21. c3 Nxe2 22. Nxe2 e5 23. d4 c4 24. dxe5 dxe5 25. Rd1 Be6 26. Qd6 Qxd6 27. Rxd6 Ra8 28. Rbd1 Nf6 29. Ng1 Bf8 30. Bg5 Nd7 31. Rc6 Be7 32. Bh3 Nf8 33. Bxe7 Kxe7 34. Rdd6 a5 0-1

[Event "Torquay op 49th"]
[Site "Torquay"]
[Date "2015.11.13"]
[Round "1"]
[White "Jaunooby, Ali Reza"]
[Black "Homer, Stephen J"]
[Result "1-0"]
[WhiteElo "2117"]
[BlackElo "1992"]
[PlyCount "109"]
[EventDate "2015.11.13"]
[EventType "swiss"]
[EventRounds "5"]
[EventCountry "ENG"]
[SourceTitle "EXT 2022"]
[Source "ChessBase"]
[SourceDate "2021.10.06"]
[SourceVersion "1"]
[SourceVersionDate "2021.10.06"]
[SourceQuality "1"]

1. d4 Nf6 2. Bf4 d6 3. Nf3 Nbd7 4. Nc3 c5 5. d5 Qa5 6. a4 Ne4 7. Qd3 Ndf6 8. Bd2 Nxd2 9. Nxd2 g6 10. Qb5+ Qxb5 11. axb5 Bg7 12. Nc4 Bf5 13. Nb6 Rb8 14. Rxa7 Bxc2 15. f3 Nd7 16. Nc4 0-0 17. e4 Rfe8 18. Kd2 Bb3 19. Na5 c4 20. g3 Ra8 21. Rxa8 Rxa8 22. Nxc4 Ra1 23. Ne3 Bd4 24. Bg2 Ra5 25. Rc1 Bxc3+ 26. Rxc3 Rxb5 27. Rc7 Ba4 28. Rxd7 Rxb2+ 29. Kc1 Re2 30. Rxe7 Rxe3 31. Rxb7 Re2 32. Rb2 Re1+ 33. Kd2 Rg1 34. Ke3 Ra1 35. Rb6 Ra2 36. Bf1 Rxh2 37. Rxd6 Rb2 38. Bc4 Rc2 39. Bd3 Rg2 40. g4 h5 41. gxh5 gxh5 42. Rh6 Rh2 43. e5 Kg7 44. Rf6 Kg8 45. Be4 Rh1 46. Rh6 Kg7 47. Ra6 Be8 48. Ra8 Bd7 49. e6 Bxe6 50. dxe6 fxe6 51. Kf4 Kf6 52. Rh8 e5+ 53. Kg3 Rg1+ 54. Kh2 Rg5 55. Kh3 1-0